| 000 | 00746nam a2200253Ia 4500 | ||
|---|---|---|---|
| 003 | OSt | ||
| 005 | 20220924131435.0 | ||
| 006 | a|||||r|||| 00| 0 | ||
| 007 | ta | ||
| 008 | 220923b |||||||| |||| 00| 0 hin d | ||
| 024 | _a41548 | ||
| 037 | _cTextual | ||
| 040 |
_aARTS _cARTS _bhin |
||
| 041 |
_2hin _ahin |
||
| 082 | _aO15,1D40,1, 152L9-;1 | ||
| 100 | _aKalidasa | ||
| 245 | 0 | _aMeghadutam with Candrakala Sanskrit Hindi comm by Shasharaja Sharma Regmi | |
| 260 |
_aVaranasi _bChowkhamba Vidyabhawan _c1979 |
||
| 300 |
_a260p. _ccm. |
||
| 490 | _aVidyabhawan Sanskrit granthamala; 111 | ||
| 650 | _aENGLISH LITERATURE | ||
| 942 |
_hO15,1D40,1, 152L9-;1 _cTEXL _2CC |
||
| 999 |
_c427126 _d427126 |
||